000 00401pab a2200157 454500
008 180718b1996 xxu||||| |||| 00| 0 eng d
100 _aSharma, Prem S.
245 _aRural inequalities
_bcomprehensive area approach imperative.
260 _c1996
300 _ap.20-22
362 _aFeb
650 _aRural development - India
650 _aRural development
773 _aYojana
909 _a30433
999 _c30433
_d30433